Entidades Publicas descentralizadas del istmo centroamericano /

में बचाया:
ग्रंथसूची विवरण
निगमित लेखकों: Banco Interamericano de Desarrollo, Instituto Centroamericano de Administración Pública
स्वरूप: मूलपाठ
प्रकाशित: San José: ICAP
टैग: टैग जोड़ें
कोई टैग नहीं, इस रिकॉर्ड को टैग करने वाले पहले व्यक्ति बनें!

MARC

LEADER 00000 a a2200000 04500
001 25737
003
040
090 |a 173600  
110 |a Banco Interamericano de Desarrollo  
245 |a Entidades Publicas descentralizadas del istmo centroamericano /  |c Banco Interamericano de Desarrollo  
260 |a San José:   |b ICAP  
300 |a 198 p.  
710 |a Instituto Centroamericano de Administración Pública  
999 |c 3712  |d 3712